Top 35 NBA players of all time - Statistics

General Stats
  • This quiz has been taken 713 times
    700 since last reset
  • The average score is 17 of 35
Answer Stats
NBA Teams Answer % Correct
Bulls Michael Jordan
99%
Celtics Larry Bird
85%
Lakers Kobe Bryant
80%
Lakers Magic Johnson
80%
Cavaliers LeBron James
76%
Lakers Kareem Abduj-jubbar
68%
Spurs Tim Duncan
64%
Thunder Kevin Durant
60%
Warriors Stephen Curry
60%
Lakers Jerry West
57%
Bulls Scottie Pippen
57%
Suns Steve Nash
56%
Rockets Hakeem Olijuwon
55%
Celtics Bill Russell
53%
Timberwolves Kevin Garnett
52%
Suns Charles Barkley
48%
Mavericks Dirk Nowitzki
48%
Supersonics Gary Payton
47%
Royals Oscar Robertson
47%
Thunder Russell Westbrook
44%
Trailblazers Clyde Drexler
42%
Knicks Patrick Ewing
42%
Raptors Vince Carter
40%
76ers Allen Iverson
39%
Spurs David Robinson
39%
Lakers Elgin Baylor
37%
Magic Dwight Howard
34%
Celtics Paul Pierce
32%
Warriors Rick Barry
32%
Magic Tracy McGrady
31%
Lakers James Worthy
29%
Clippers Chris Paul
24%
Clippers James Mcadoo
22%
Suns Amare Stoudemire
16%
Warriors Wilt Chaimberlain
2%
No matching quizzes found
Score Distribution
Percent of People with Each Score
Percentile by Number Answered
Your Score History
You have not taken this quiz since the last reset